| 000 | 01241cam a22002771i 4500 | ||
|---|---|---|---|
| 003 | SA-RiAUC | ||
| 005 | 20250603112128.0 | ||
| 008 | 250525s1996 uk g 100 0 ara c | ||
| 040 |
_aSA-JeALM _bara _cSA-RiAUC _erda |
||
| 082 | 0 | 4 |
_a257.1 _qSA-RiAUC |
| 090 |
_a257.1 _bن د و |
||
| 111 | 2 |
_aندوة حول الشرعية السياسية في الإسلام : مصادرها وضوابطها _cلندن) _d( 1996 : |
|
| 245 | 1 | 2 |
_aالشرعية السياسية في الإسلام : _bمصادرها وضوابطها / _cإعداد وتحرير عزام التميمي. |
| 264 | 1 |
_aلندن : _bليبرتي للدفاع عن الحريات في العالم الإسلامي، _c1997 |
|
| 300 | _a248 صفحة | ||
| 336 |
_aنص _btxt _2rdacontent _3كتاب |
||
| 337 |
_aبدون وسيط _bn _2rdamedia |
||
| 338 |
_aمجلد _bnc _2rdacarrier |
||
| 650 | 7 |
_aالإسلام _xجوانب سياسية _2aucsh |
|
| 650 | 7 |
_aالشريعة الإسلامية _2aucsh |
|
| 650 | 7 |
_aالنظام السياسي في الإسلام _2aucsh |
|
| 650 | 7 |
_aالإسلام والإصلاح السياسي _2aucsh |
|
| 700 | 1 |
_aالتميمي، عزام، _d1955- _eمعد. |
|
| 942 |
_2ddc _cBOOK _n0 |
||
| 949 |
_aSA-JeALM _d250525 _uosman123 _n1 |
||
| 999 |
_c8685 _d8685 |
||